La plus grande ville du monde en "B" ou "C" par deuxième lettre - Statistiques

Statistiques générales
  • Ce quiz a été pris 57 fois
  • Le résultat moyen est 8 sur 16
Réponses sur la Carte
Les réponses sont colorées sur une échelle allant du rouge au vert en fonction du pourcentage des utilisateurs qui les ont devinées à leur premier essai. Vous pouvez retrouver ces pourcentages ci-dessous.
 
Statistiques - réponses
Population Pays Ville % Correct
4 807 000 Brésil Br{asilia}
93%
15 375 000 Argentine Bu{enos Aires}
85%
2 647 000 Royaume-Uni Bi{rmingham}
81%
11 352 000 Colombie Bo{gota}
81%
6 196 000 Brésil Be{lo Horizonte}
59%
770 000 Pologne Cr{acovie}
57%
13 979 000 Chine Ca{nton}
54%
13 211 000 Inde Ba{ngalore}
50%
1 010 000 Philippines Ce{bu}
35%
1 761 000 Etats-Unis Cl{eveland}
33%
1 764 000 Etats-Unis Ci{ncinnati}
28%
3 773 000 Brésil Cu{ritiba}
28%
16 896 000 Chine Ch{ongqing}
26%
996 000 Malawi Bl{antyre}
17%
2 507 000 Inde Bh{opal}
13%
3 306 000 Inde Co{chin}
9%
Aucun quiz correspondant
Distribution des résultats
% des personnes avec chaque résultat
Percentile par nombre de réponses
Votre historique - résultats
Vous n’avez pas pris ce quiz